<?xml version="1.0" encoding="UTF-8"?>
<record
    xmlns:xsi="http://www.w3.org/2001/XMLSchema-instance"
    xsi:schemaLocation="http://www.loc.gov/MARC21/slim http://www.loc.gov/standards/marcxml/schema/MARC21slim.xsd"
    xmlns="http://www.loc.gov/MARC21/slim">

  <leader>01654nam a22002657a 4500</leader>
  <controlfield tag="003">OSt</controlfield>
  <controlfield tag="005">20250414143452.0</controlfield>
  <controlfield tag="008">210226s2015    sp ||||er|||| 00| fdspa d</controlfield>
  <datafield tag="020" ind1=" " ind2=" ">
    <subfield code="a">9781326427214</subfield>
  </datafield>
  <datafield tag="040" ind1=" " ind2=" ">
    <subfield code="a">CO-JMCR</subfield>
    <subfield code="c">CO-JMCR</subfield>
  </datafield>
  <datafield tag="041" ind1="0" ind2=" ">
    <subfield code="a">spa</subfield>
  </datafield>
  <datafield tag="082" ind1="0" ind2="4">
    <subfield code="a">A-N</subfield>
    <subfield code="b">FRAs</subfield>
    <subfield code="2">23</subfield>
  </datafield>
  <datafield tag="100" ind1="1" ind2=" ">
    <subfield code="a">Franco V., Edelmiro, </subfield>
    <subfield code="e">autor</subfield>
    <subfield code="9">14046</subfield>
  </datafield>
  <datafield tag="245" ind1="1" ind2="0">
    <subfield code="a">Sue&#xF1;os en cenizas / </subfield>
    <subfield code="c">Edelmiro Franco V.</subfield>
  </datafield>
  <datafield tag="250" ind1=" " ind2=" ">
    <subfield code="a">1&#xB0; edici&#xF3;n</subfield>
  </datafield>
  <datafield tag="260" ind1=" " ind2=" ">
    <subfield code="a">Madrid : </subfield>
    <subfield code="b">Falsaria, </subfield>
    <subfield code="c">2015</subfield>
  </datafield>
  <datafield tag="300" ind1=" " ind2=" ">
    <subfield code="a">117 p&#xE1;ginas ; </subfield>
    <subfield code="c">21 cm.</subfield>
  </datafield>
  <datafield tag="500" ind1=" " ind2=" ">
    <subfield code="a">Incluye datos biogr&#xE1;ficos del autor.</subfield>
  </datafield>
  <datafield tag="520" ind1="3" ind2=" ">
    <subfield code="a">Sue&#xF1;os de cenizas. 12 de mayo de 1922, nace la abuela Aura en San Roque, un pueblo ultraconservador en el noreste de Colombia, y muere el 6 de junio de 2012, despu&#xE9;s de cumplir 90 a&#xF1;os, en una cl&#xED;nica de Medell&#xED;n, la ciudad que albergo a miles de familias campesinas que huyeron de la violencia liberal-conservadora en la d&#xE9;cada de los 50 del siglo pasado. La abuela Aura, un d&#xED;a despu&#xE9;s de una delicada cirug&#xED;a, estaba completamente lucida y sonriente en la habitaci&#xF3;n 325 de la cl&#xED;nica Las Am&#xE9;ricas. Ella cargaba con sus 90 a&#xF1;os, un c&#xFA;mulo de historias de violencia desde 1946: persecuciones, desplazamientos, guerrilla, narcotr&#xE1;fico y paramilitarismo. Entre abrazos, besos y l&#xE1;grimas con su hijo Jes&#xFA;s -quien llego del exilio- la abuela empieza a recordar su pasado y cierra el di&#xE1;logo con la frase: -Mijo, &#xBF;si cree que tengamos paz alg&#xFA;n d&#xED;a...?</subfield>
  </datafield>
  <datafield tag="650" ind1="1" ind2="4">
    <subfield code="a">Novela colombiana</subfield>
    <subfield code="9">14047</subfield>
  </datafield>
  <datafield tag="650" ind1="2" ind2="4">
    <subfield code="a">Abuelas</subfield>
    <subfield code="x">novela</subfield>
    <subfield code="9">14048</subfield>
  </datafield>
  <datafield tag="650" ind1="2" ind2="4">
    <subfield code="a">Violencia pol&#xED;tica</subfield>
    <subfield code="v">novela</subfield>
    <subfield code="z">Colombia</subfield>
    <subfield code="9">14049</subfield>
  </datafield>
  <datafield tag="650" ind1="2" ind2="4">
    <subfield code="a">Partidos pol&#xED;ticos</subfield>
    <subfield code="v">novela</subfield>
    <subfield code="z">Colombia</subfield>
    <subfield code="9">14050</subfield>
  </datafield>
  <datafield tag="942" ind1=" " ind2=" ">
    <subfield code="2">ddc</subfield>
    <subfield code="c">BK</subfield>
  </datafield>
  <datafield tag="999" ind1=" " ind2=" ">
    <subfield code="c">7358</subfield>
    <subfield code="d">7358</subfield>
  </datafield>
  <datafield tag="952" ind1=" " ind2=" ">
    <subfield code="0">0</subfield>
    <subfield code="1">0</subfield>
    <subfield code="2">ddc</subfield>
    <subfield code="4">0</subfield>
    <subfield code="7">0</subfield>
    <subfield code="8">FIC</subfield>
    <subfield code="a">CPL</subfield>
    <subfield code="b">CPL</subfield>
    <subfield code="d">2020-10-02</subfield>
    <subfield code="e">Donaci&#xF3;n</subfield>
    <subfield code="l">0</subfield>
    <subfield code="o">A-N FRAs</subfield>
    <subfield code="p">201810582</subfield>
    <subfield code="r">2021-02-26 00:00:00</subfield>
    <subfield code="t">Ej.1</subfield>
    <subfield code="w">2021-02-26</subfield>
    <subfield code="y">BK</subfield>
  </datafield>
  <datafield tag="952" ind1=" " ind2=" ">
    <subfield code="0">0</subfield>
    <subfield code="1">0</subfield>
    <subfield code="2">ddc</subfield>
    <subfield code="4">0</subfield>
    <subfield code="7">0</subfield>
    <subfield code="8">FIC</subfield>
    <subfield code="a">CPL</subfield>
    <subfield code="b">CPL</subfield>
    <subfield code="d">2020-10-02</subfield>
    <subfield code="e">Donaci&#xF3;n</subfield>
    <subfield code="l">0</subfield>
    <subfield code="o">A-N FRAs</subfield>
    <subfield code="p">201810598</subfield>
    <subfield code="r">2021-02-26 00:00:00</subfield>
    <subfield code="t">Ej.2</subfield>
    <subfield code="w">2021-02-26</subfield>
    <subfield code="y">BK</subfield>
  </datafield>
</record>
